000 00436nam a22001337a 4500
020 _a9509714649
080 _a347.9 C 498
245 _aCódigo Procesal Civil y Comercial de la provincia de Buenos Aires
_blegislación complementaria : procedimiento laboral (decreto ley 7718/71)
260 _aBuenos Aires
_bLa Rocca
_c1995
300 _a425 p.
650 _xCódigo Procesal Civil y Comercial
945 _asa
_d2015-04-17
999 _c3728
_d234232
942 _6_